Giáo trình quản trị chiến lược = Strategic management
Trình bày tổng quan về quản trị chiến lược. Phân tích môi trường kinh doanh, mô hình kinh doanh, hoạch định chiến lược kinh doanh, chiến lược cấp công ty. Tổ chức kiểm tra đánh giá tiến trình thực hiện chiến lược, chiến lược cạnh tranh va...
Na minha lista:
| Autor principal: | |
|---|---|
| Formato: | Livro |
| Idioma: | Undetermined |
| Publicado em: |
Cần Thơ
Đại học Cần Thơ
2015
|
| Assuntos: | |
| Tags: |
Adicionar Tag
Sem tags, seja o primeiro a adicionar uma tag!
|
| Thư viện lưu trữ: | Trung tâm Học liệu Trường Đại học Cần Thơ |
|---|
| LEADER | 01144nam a2200217Ia 4500 | ||
|---|---|---|---|
| 001 | CTU_200288 | ||
| 008 | 210402s9999 xx 000 0 und d | ||
| 020 | |c 40000 | ||
| 082 | |a 658.4012 | ||
| 082 | |b Kh452 | ||
| 100 | |a Lê, Nguyễn Đoan Khôi | ||
| 245 | 0 | |a Giáo trình quản trị chiến lược = | |
| 245 | 0 | |b Strategic management | |
| 245 | 0 | |c Lê Nguyễn Đoan Khôi (Chủ biên), Nguyễn Phạm Tuyết Anh, Ong Quốc Cường | |
| 260 | |a Cần Thơ | ||
| 260 | |b Đại học Cần Thơ | ||
| 260 | |c 2015 | ||
| 520 | |a Trình bày tổng quan về quản trị chiến lược. Phân tích môi trường kinh doanh, mô hình kinh doanh, hoạch định chiến lược kinh doanh, chiến lược cấp công ty. Tổ chức kiểm tra đánh giá tiến trình thực hiện chiến lược, chiến lược cạnh tranh và chiến lược kinh doanh toàn cầu | ||
| 650 | |a Strategic planning,Kế hoạch chiến lược | ||
| 904 | |i Tuyến | ||
| 980 | |a Trung tâm Học liệu Trường Đại học Cần Thơ | ||